000
00289nam a2200109Ia 4500
008
191206s9999 xx 000 0 und d
020
_a
817229008x
090
_a
DS483A348
245
3
_a
An Autobiography or the story of my experiments with truth
260
_a
Rupees twelve
260
_c
c1927
999
_c
15453
_d
15453